000 00854nam a2200265 a 4500
003 UPN
005 20250507120148.0
008 080924s1991 mx|d grs 001 0 spa d
020 _a9681204786
035 _aUPN01000160647
040 _aMX-MxUPN
_bspa
_cMX-MxUPN
041 _aspa
049 _aUNE
050 4 _aF1226 C561
_b1991
245 0 0 _aCincuenta años de historia en México :
_ben el cincuentenario del Centro de Estudios Históricos, volumen 1 /
260 _aMexico :
_bEl Colegio de México,
_c1991.
300 _a505 páginas
440 0 _aCentro de Estudios Históricos
651 4 _aMéxico
_xHistoria
_94558
700 1 _aHernández Chávez, Alicia,
_ecoordinación
700 1 _aMiño Grijalva, Manuel,
_d1951-
_ecoordinación
_933427
902 _aMaiella Martínez / 07052025
905 _aLibro
942 _2lcc
_cLIBRO
_n0
999 _c132760
_d132760